000 00399nam a22001457a 4500
005 20200613102038.0
008 200613b xxu||||| |||| 00| 0 eng d
082 _a345.4 AIR
110 _aALL INDIA REPORTER
_96056
245 _aALL INDIA REPORTER, [1979 ] [VOL-66] SUPREME COURT SECTION
260 _aMUMBAI
_bALL INDIA REPORTER,PVT, LTD.
300 _a112;p
650 _aLAW
_95701
942 _cJRL
999 _c7115
_d7113